Data Science from Scratch
שמור ב:
| מחבר ראשי: | |
|---|---|
| פורמט: | ספר |
| יצא לאור: |
shroff
|
| נושאים: | |
| תגים: |
אין תגיות, היה/י הראשונ/ה לתייג את הרשומה!
|
MARC
| LEADER | 00000nam a2200000Ia 4500 | ||
|---|---|---|---|
| 005 | 20260427112712.0 | ||
| 526 | |b Data Science | ||
| 100 | |a Joel Grus | ||
| 020 | |a 9789352138326 | ||
| 650 | |a Data Science | ||
| 526 | |a Bachelors | ||
| 942 | |c BK | ||
| 245 | |a Data Science from Scratch | ||
| 260 | |b shroff | ||
| 999 | |c 86 |d 86 | ||
| 952 | |0 0 |1 0 |4 0 |7 0 |8 2 |a BRISTOL |b BRISTOL |d 2026-04-22 |l 0 |p 000036 |r 2026-04-27 11:27:13 |w 2026-04-27 |y BK | ||